Diseño y sistemas constructivos de escaleras
Պահպանված է:
| Հիմնական հեղինակ: | |
|---|---|
| Ձևաչափ: | Գիրք |
| Լեզու: | իսպաներեն |
| Հրապարակվել է: |
Buenos Aires
Alsina
1987
|
| Խորագրեր: | |
| Ցուցիչներ: |
Ավելացրեք ցուցիչ
Չկան պիտակներ, Եղեք առաջինը, ով նշում է այս գրառումը!
|
MARC
| LEADER | 00000nam a2200000 a 4500 | ||
|---|---|---|---|
| 001 | UCV5748 | ||
| 003 | CL-VaPUC | ||
| 008 | 900613e19870000AG |||||||||||||||||spa|d | ||
| 082 | 0 | 4 | |a 690.18 |b DAR |2 21 |
| 100 | 0 | |a Dárdano de Chandías, María Laura |e author |9 300036 | |
| 245 | 1 | 0 | |a Diseño y sistemas constructivos de escaleras |
| 300 | |a 83 p | ||
| 942 | |c BK | ||
| 945 | |d 19900613 00:00:00 | ||
| 260 | |a Buenos Aires |b Alsina |c 1987 | ||
| 650 | 7 | |a CONSTRUCCION DE ESCALERAS |2 CL-VaPUC |9 262608 | |
| 650 | 7 | |a ESCALERAS |2 CL-VaPUC |9 262609 | |
| 650 | 0 | |a Diseño y construcción |9 260862 | |
| 583 | |a last modification |c 19900613 00:00:00 |k Rodrigo Vera | ||
| 999 | |c 212147 |d 212145 | ||